| 000 | 01184nam a2200325 i 4500 | ||
|---|---|---|---|
| 003 | DO-SdBNP | ||
| 005 | 20251029095249.0 | ||
| 007 | ta | ||
| 008 | 251029b2021 dr ||||| |||| 00| p spa d | ||
| 020 | _a9781733633321 | ||
| 020 | _a1733633324 | ||
| 040 |
_aDO-SdBNP _bspa _cBNPHU _erda |
||
| 041 | _aspa | ||
| 082 | 4 |
_axxx _bN716a _222 |
|
| 100 |
_aNino Féliz, Rafael, _d1954- _924260 _4aut. _eautor |
||
| 245 |
_aÁfrica en mi piel = Africa in my skin = L'Afrique dans la peau _cRafael Nino Féliz (Autor), Fabian Badejo (Traductor), Nicole Cage (Traductor), Alex Richards (Traductor) |
||
| 246 | _aAfrica in my skin | ||
| 246 | _aL'Afrique dans la peau | ||
| 250 | _aEdición trilingüe | ||
| 264 | 4 |
_aSt. Martin, Caribbean : _bHouse of Nehesi Publishers, _c©2021 |
|
| 300 |
_a xx, 164 páginas ; _c19 cm. |
||
| 336 |
_atexto _btxt _2rdacontent |
||
| 337 |
_asin mediación _bn _2rdamedia |
||
| 338 |
_avolumen _bnc _2rdacarrier |
||
| 500 | _a"En español ; Translated into English ; Traduit en français"--Cover | ||
| 500 | _aIn Spanish, English, and French, translated from the original Spanish | ||
| 590 | _aInventariado, 2025 /LP | ||
| 910 | _aLP | ||
| 942 |
_2ddc _cLBS1 |
||
| 999 |
_c59983 _d59983 |
||